| 000 | 00807nam a2200253 i 4500 | ||
|---|---|---|---|
| 001 | bg | ||
| 003 | BPK | ||
| 005 | 20200117105007.0 | ||
| 008 | 050705s1973 pl a f f |000 0 pol | ||
| 015 | _aPB 1974/305 | ||
| 040 |
_aWA N _cBPK |
||
| 041 | 0 | _apol | |
| 080 | _a531 | ||
| 080 | _a(075.8+076) | ||
| 100 | 1 |
_aRomicki, Romuald _d(1901-1979) _eAutor |
|
| 245 | 1 | 0 |
_aRozwiązania zadań z mechaniki Zbioru J. W. Mieszczerskiego : _b[tekst] / _cRomuald Romicki. |
| 250 | _aWyd. 2 popr. | ||
| 260 |
_aWarszawa : _bPańst. Wydaw. Naukowe, _c1973. |
||
| 300 |
_a486, [2] s. ; _c24 cm. |
||
| 655 | 4 | _aĆwiczenia i zadania dla szkół wyższych | |
| 650 | 4 | _aMechanika | |
| 856 |
_uhttp://koha.tu.koszalin.pl/cgi-bin/koha/opac-detail.pl?biblionumber=212 _yKatalog online BPK |
||
| 942 |
_2UKD _cKS |
||
| 999 |
_c212 _d212 |
||